Tesis El derecho administrativo sancionador para la protección del medio ambiente análisis de los ordenamientos jurídicos Español y Dominicano. (Registro nro. 58217)
[ vista simple ]
| 000 -CABECERA | |
|---|---|
| Campo de control interno | nam a22 7a 4500 |
| 005 - FECHA Y HORA DE LA CATALOGACION | |
| Campo de control | 20240228111606.0 |
| 008 - ELEMENTOS DE LONGITUD FIJA - INFORMACION | |
| Elementos de Longitud Fija - Informaci | 201029b xxu||||| |||| 00| 0 eng d |
| 040 ## - ORIGEN DE LA CATALOGACION | |
| Origen de la Catalogación | ANE |
| 041 ## - CODIGO DE LENGUAJE | |
| Código de lenguaje del texto | Es |
| 100 ## - AUTOR PERSONAL | |
| Autor Personal | Aracelìs Fernández |
| 245 ## - TÍTULO GENERAL | |
| Título | Tesis El derecho administrativo sancionador para la protección del medio ambiente análisis de los ordenamientos jurídicos Español y Dominicano. |
| 260 ## - EDITORIAL | |
| Ciudad | Madrid |
| Fecha | 2009 |
| 300 ## - DESCRIPCION | |
| Número de páginas | 551 p. |
| 856 ## - URL - Ubicaci | |
| URI/URL | http://documentacion.asambleanacional.gob.ec/alfresco/d/d/workspace/SpacesStore/5ca03f92-9ee5-4d3a-8641-8b1eaed88591/TESIS%20EL%20DERECHO%20ADMINISTRATIVO%20SANCIONADOR%20PARA%20LA%20PROTECCI%c3%92N%20DEL%20MEDIO%20AMBIENTE%20%20AN%c3%80LISIS%20DE%20LOS%20ORDENAMIENTOS%20JUR%c3%8cDICOS%20ESPA%c3%91OL%20Y%20DOMINICANO |
| 942 ## - ELEMENTOS DE KOHA | |
| Esquema de Clasificaci | |
| Tipo de Documento | Biblioteca Virtual |
| Catalogador | Nr. |
| Withdrawn status | Lost status | Fuente de Clasificaci | Damaged status | Not for loan | Ubicaci | Biblioteca | Fecha de Adquisición | Vía de adquisición | Signatura Topogr | Código de barras | Date last seen | Price effective from | Tipo de Item |
|---|---|---|---|---|---|---|---|---|---|---|---|---|---|
| Biblioteca Asamblea Nacional | Biblioteca Asamblea Nacional | 2024-02-28 | Donación | TESIS | 40285 | 2020-10-29 | 2020-10-29 | Biblioteca Virtual |